Ekonomické tvrdenia a diferenciálny počet

Overenie ekonomických tvrdení pomocou diferenciálneho počtu. Hraničná funkcia. Monopolný podnik.

Salvato in:
Dettagli Bibliografici
Autore principale: Dávid, Arnold
Altri autori: Peller, František
Natura: Capitolo di libro
Lingua:slovacco
Soggetti:
Tags: Aggiungi Tag
Nessun Tag, puoi essere il primo ad aggiungerne!!

MARC

LEADER 00000naa$a2200000$$$4500
001 0105738
005 20240502072157.1
041 0 |a slo 
044 |a SK 
245 1 0 |a Ekonomické tvrdenia a diferenciálny počet  |c Arnold Dávid, František Peller 
520 |a Overenie ekonomických tvrdení pomocou diferenciálneho počtu. Hraničná funkcia. Monopolný podnik. 
610 2 0 |a analýza ekonomická 
610 2 0 |a matematika 
610 2 0 |a optimalizácia 
610 2 0 |a ceny 
610 2 0 |a zisk 
610 2 0 |a flexibilita 
100 1 |a Dávid, Arnold 
700 1 |a Peller, František